| 000 | 00929nam a22002777a 4500 | ||
|---|---|---|---|
| 005 | 20260227194607.0 | ||
| 008 | 260227b |||||||| |||| 00| 0 eng d | ||
| 040 | _absop | ||
| 245 |
_aLearning across cultures : _bintercultural communication and international educational exchange / _ceditor, Gary Althen ; chapter editors, Stephen Dunnett ... [et al.]. |
||
| 264 |
_aWashington, DC : _bNational Association for Foreign Student Affairs, _cc1981. |
||
| 300 |
_avi, 153 p. : _bill. ; _c23 cm |
||
| 336 | _atext | ||
| 337 | _aunmediated | ||
| 338 | _avolume | ||
| 650 |
_aMulticultural education _zUnited States |
||
| 650 | _aMulticultural education | ||
| 651 | _aUnited States | ||
| 700 | _aAlthen, Gary | ||
| 700 | _aDunnett, Stephen | ||
| 700 | _aFoust, Stephen | ||
| 700 | _aHorner, David | ||
| 700 | _aMestenhauser, Josef | ||
| 700 | _aPusch, Margaret | ||
| 700 |
_aVandersluis _eeditor |
||
| 942 |
_2lcc _cBK |
||
| 999 |
_c55458 _d55458 |
||